000 00308nam a22001337a 4500
008 171102b xxu||||| |||| 00| 0 eng d
020 _a9780470169704
041 _aeng
080 _27TH
_a339.138
100 _a60
101 _aMAR
245 _aMARKETING RESEARCH ESSENTIALS
_cDANIEL,C.M
942 _2udc
_cBK
999 _c37379
_d37379